LEADER 01321nam a2200301 i 4500 001 000000173739 003 CaOOAMICUS 005 20250930154444.0 008 091013n it u000 u mul u 013 $a151193 040 $aSeMil$bita 100 0 $aPaulus VI,$c.$0(OLS)http://semarc/name/803 245 10$aCredimus :$bprofession de foi, renouvelée le 30 juin 1968, au nom de tout le peuple de Dieu par sa sainteté Paul 6. 260 $aRome :$bÉditions du coeur fidèle,$c[1968] 300 $a100 p. ;$c33 cm. 500 $aExemplaire n. 545 spécialement imprimé pour l'Emo e Rmo signor cardinale Giovanni Colombo 650 4$aCredo cattolico.$0(OLS)http://semarc/subject/3362 850 $aSeMil 852 $aSeMil$W1$xVenegono$y1$m3K VI 48$j262514$B124584$CSeMilBibl$Z2$F136946 $81 900 1 $aMontini, Giovanni Battista,$d<1897-1978>. 900 0 $aPaolo VI$c. 941 1 $a3 961 $aLascito: Colombo Card. Giovanni 996 $6245$aCredimus :$bprofession de foi, renouvelée le 30 juin 1968, au nom de tout le peuple de Dieu par sa sainteté Paul 6$9(OLS)http://semarc/title/248947 996 $6260$aRome :$bÉditions du coeur fidèle$9(OLS)http://semarc/publisher/49242 LEADER 00572naa a2200157 i 4500 001 000000297877 003 CaOOAMICUS 005 20180831172613.0 008 180831n xx u000 u und u 013 $a5447 040 $aSeMil$bita 100 1 $aManenti, Alessandro <1948- >.$0(OLS)http://semarc/name/231 245 12$aI giovani d'oggi davanti alla scelta di vita. 650 4$aVocazioni religiose - Studi.$0(OLS)http://semarc/subject/5476 773 0 $tVocazione religiosa oggi.$w()63135 996 $6245$aI giovani d'oggi davanti alla scelta di vita$9(OLS)http://semarc/title/373890